000 00603nam a2200181 i 4500
001 37404
003 ES-MaACL
005 20230906155552.0
007 t|
008 030221s1906 fr ||||1| fre d
100 1 _aBüchner, Ludwig.
_9187738
245 1 0 _aForce et matière, ou principes de l'ordre naturel mis a la portée de tous /
_cpar Louis Büchner ; traduit... par Victor Dave.
260 _aParís :
_bSchleicher Fréres,
_c1906 (
_ePoissy :
_fLejay Fils et Lemoro)
300 _aXIX, 327 p. ;
_c21 cm.
700 1 _aDave, Victor.
_942857
852 _aES-MaACL
_jF-9223
999 _c37404
_d37404